=LDR 00000nam 2200000 4500 =001 INLIS000000000006360 =005 20220610112025 =035 ##$$a 0010-0622000221 =245 1#$$a Optimal System Eyes 3D IC Measurement /$c TETSUO HIRAYAMA =100 1#$$a HIRAYAMA, Tetsuo =250 ##$$a Edisi Vol. 20, Serial No. 221 February 2015 =300 ##$$a 76 halaman : $b Tabel, Gambar ; $c 21x28 cm =260 ##$:$b Dempa Asia Electronics Industry,$c 2015 =082 ##$$a 050.37 =084 ##$$a 050.37 HIR o =500 ##$$a Special Report : New Resistors Gain Waves Novel Resistors Find Way in Critical Devices Technology Focus : Anti-Noise Parts Target In-Car Network =990 ##$$a 08/MJ-16